Resurgent India (Record no. 20179)
[ view plain ]
| 000 -LEADER | |
|---|---|
| fixed length control field | 00453nam a22001697a 4500 |
| 003 - CONTROL NUMBER IDENTIFIER | |
| control field | OSt |
| 005 - DATE AND TIME OF LATEST TRANSACTION | |
| control field | 20190911173134.0 |
| 008 - FIXED-LENGTH DATA ELEMENTS--GENERAL INFORMATION | |
| fixed length control field | 190911b ||||| |||| 00| 0 eng d |
| 020 ## - INTERNATIONAL STANDARD BOOK NUMBER | |
| International Standard Book Number | 9789332701632 |
| 040 ## - CATALOGING SOURCE | |
| Transcribing agency | LIRC |
| 082 ## - DEWEY DECIMAL CLASSIFICATION NUMBER | |
| Classification number | 338.954 AGA |
| 100 ## - MAIN ENTRY--PERSONAL NAME | |
| Personal name | Agarwala, Ramgopal ; Kumar, Rajiv and Shah, Rajesh |
| 245 ## - TITLE STATEMENT | |
| Title | Resurgent India |
| Remainder of title | ideas and priorities |
| 260 ## - PUBLICATION, DISTRIBUTION, ETC. | |
| Place of publication, distribution, etc. | New Delhi |
| Name of publisher, distributor, etc. | Academic Foundation |
| Date of publication, distribution, etc. | 2015 |
| 300 ## - PHYSICAL DESCRIPTION | |
| Extent | 158 p. |
| 942 ## - ADDED ENTRY ELEMENTS (KOHA) | |
| Source of classification or shelving scheme | Dewey Decimal Classification |
| Koha item type | Gifted Books |
| Withdrawn status | Lost status | Source of classification or shelving scheme | Damaged status | Not for loan | Home library | Current library | Date acquired | Source of acquisition | Coded location qualifier | Cost, normal purchase price | Total Checkouts | Full call number | Barcode | Date last seen | Date last checked out | Copy number | Cost, replacement price | Price effective from | Koha item type |
|---|---|---|---|---|---|---|---|---|---|---|---|---|---|---|---|---|---|---|---|
| Dewey Decimal Classification | Library and Information Resource Centre | Library and Information Resource Centre | 2019-09-11 | Som Mittal | New Delhi | 795.00 | 1 | 338.954 AGA | G3672 | 2024-04-30 | 2024-04-30 | 1 | 795.00 | 2019-09-11 | Gifted Books | ||||
| Dewey Decimal Classification | Library and Information Resource Centre | Library and Information Resource Centre | 2021-01-15 | V. K. Thadani | Gurgaon | 795.00 | 338.954 AGA | G4085 | 2021-01-15 | 1 | 795.00 | 2021-01-15 | Gifted Books |
